Брошюра "У. В." "О свободе вероисповедания в России"

Доступно только в Электронных читальных залах Найти на картеНа карте
RUSMARC
00003656nac2a22002411x 450
00101b595e5-f2b4-426e-b7bb-9a4dc284c4a9
00520131109133638.0
100##$a20130708l1912 k y0rusy50 ca
1010#$apol
102##$aRU
105##$ay z |||||
2001#$aБрошюра "У. В." "О свободе вероисповедания в России"
$j1912
215##$a9 листов
251##$cДело
300##$aНа польском языке
300##$aТекст напечатан типографским способом
330##$aI. Документальные материалы Дымши Любомира Клеофасовича; 3. Документальные материалы, относящиеся к общественной деятельности Дымши Л. К. (в качестве члена Петербургской городской думы и Государственной думы)
461#0$1001fdc4ea38-544e-4b93-b87c-448efc7be393
$12001
$aДымша Любомир Клеофасович, юрист, приват-доцент петербургского университета, член III и IV Государственных Дум, польского коло, член учебного комитета и чиновник особых поручений Собственной Его Императорского Величества канцелярии, помещик Константиновского уезда
$1251
$cФонд
$1852
$j690
462#0$1001ca403b4d-2fe2-48fe-9d5c-8f624e1a5a5b
$12001
$a1869-1916
$1251
$cОпись
$1852
$j1
600#1$aДымша
$bЛ. К.
$f1860-1915
$gЛюбомир Клеофасович
801#0$aRU
$bGA_RF
801#1$aRU
$bНПО Опыт
$c20130708
$2rusmarc
801#2$aRU
$bПБ им. Б.Н. Ельцина
$c20131109
$gRCR
$2rusmarc
852##$aГА РФ
$j73
937##$d41217694
$hПБ
035##$aRuPRLIB51008553
Формат отображения